000 01249nam0a2200241 4500
001 RU\NLR\BIBL_A\011008805
005 20260406131726.0
035 _a(NLR Aleph) 011008805
090 _a11011117
_c11011117
100 _a20160314d1955 |||y0rusy50 ca
101 0 _asah
102 _aRU
105 _ay z 000 y
200 1 _aСүөһү иитиититтэн ылыллар бородууктаны элбэтэр туһунан
_eССКП Киин Комитетын Пленумугар 1955 сыл тохсунньу 25 күнүгэр оҥорбут дакылаата
_fН. С. Хрущев
210 _aЯкутскай
_cСаха сиринээҕи кинигэ изд-вота
_d1955
215 _a78, [2] с.
_d19
541 1 _aОб увеличении производства продуктов животноводства
_eдоклад товарища Н. С. Хрущева на Пленуме Центрального Комитета КПСС 25 января 1955 г.
_zrus
686 1 _aФ61(2)432
700 1 _4070
_7ca
_8rus
_aХрущев
_bН. С.
_f1894-1971
_gНикита Сергеевич
_9111620
_3RU\NLR\AUTH\771599
852 _aNLR
_bОНЛ
_jЯкут./2-633
942 _cBOOK
980 _aNB